01169nam a2200289 a 4500001001000000003000900010005001700019007000300036008004100039020001800080040002500098082002200123100004500145245004000190260003900230300002000269500005700289590002600346650002700372650003100399910003700430942001400467952013500481952012000616952012600736999001700862000037616DO-SdBNP20240530073921.0ta121008s2010 dr 000 f spa d a9789945460797 aDO-SdBNPbspacBNPHU aRD863.44bV443flo1 aVeloz Maggiolo, Marcio,d1936-20219110410aFlorbella /cMarcio Veloz Maggiolo. aSanto Domingo :bSantuario,c2010. a87 p. ;c21 cm. aIncluye datos biográficos del autor en las solapas aInventariado, 2020/VM 0aNovela dominicana9223 0aLiteratura dominicana.967 aValidado. Control de calidad MFF 2ddccLBS1 001054708DSaGRbGRcHDd2012-10-08iLF1l0oRD863.44 V443flop37616-30r2020-06-25te. 3w2020-06-25yLFDSZPréstamo en sala 0010718PDaPDbPDcHDd2012-10-08iLF1l0oRD863.44 V443flop37616-10r2020-06-25w2020-06-25yLFPDZNo se presta 0010718PDaPDbPDcHDd2012-10-08iLF1l0oRD863.44 V443flop37616-20r2020-06-25te. 2w2020-06-25yLFPDZNo se presta c37106d37106